000 00328nam a2200121Ia 4500
005 20251222144735.0
008 251222s9999||||xx |||||||||||||| ||spa||
082 _a263.91/I68
100 _aIrarrazával, Diego
245 0 _aNavidad en la Tradición de los Pobres:
264 _bCentro de Estudios y Publicaciones
942 _cLIB
999 _c18741
_d18741